Měsíční přehled zahraničního obchodu republiky Československé obchod speciální

Salvato in:
Dettagli Bibliografici
Natura: Periodico
Lingua:ceco
Pubblicazione: Praha SÚS 1946
Tags: Aggiungi Tag
Nessun Tag, puoi essere il primo ad aggiungerne!!

MARC

LEADER 00000nas2a2200000$$$4500
001 0014912
005 20250730114331.7
041 0 |a cze 
044 |a CZ 
245 1 0 |a Měsíční přehled zahraničního obchodu republiky Československé  |b obchod speciální 
264 1 |a Praha  |b SÚS  |c 1946 
300 |a 1 zv. 
773 0 |w eu_un_cat*0014908